000 00417nam a2200145 a 4500
001 000035163
005 20200930074139.0
008 111025s1983 xxu 000 0 spa d
040 _aDO-SdBNP
_bspa
_cBNPHU
082 _axxxx
_bxxxx
100 1 _aSocarras Blanco, Miguel Angel
_960888
245 1 0 _aVisiones /
_cMiguel Angel Socarras Blanco.
260 _aEE.UU., :
_bAmerican Press,
_c1983.
300 _a20 cm. ;
_c22 cm.
999 _c34654
_d34654